|
|
|
|
| LEADER |
01355nam a2200373 a 4500 |
| 001 |
33759 |
| 003 |
BD-DhAAL |
| 005 |
20180916123220.0 |
| 008 |
180916t1994 nyuab b 001 0 eng d |
| 999 |
|
|
|c 39541
|d 39541
|
| 010 |
|
|
|a 94016018
|
| 020 |
|
|
|a 0306446804
|
| 020 |
|
|
|a 9781489915061
|
| 020 |
|
|
|a 9781489915047 (eBook)
|
| 040 |
|
|
|a DLC
|c DLC
|d DLC
|d BD-DhAAL
|
| 050 |
0 |
0 |
|a BF353
|b .H85 vol. 13
|
| 082 |
0 |
0 |
|a 155.633
|2 20
|
| 245 |
0 |
0 |
|a Women and the environment /
|c edited by Irwin Altman and Arza Churchman.
|
| 260 |
|
|
|a New York :
|b Plenum Press,
|c c1994.
|
| 300 |
|
|
|a xxi, 315 pages :
|b illustrations, map ;
|c 24 cm.
|
| 362 |
|
|
|a Vol. 13
|
| 440 |
|
0 |
|a Human behavior and environment ;
|v v. 13
|9 28157
|
| 440 |
|
4 |
|a [The language of science]
|9 28158
|
| 500 |
|
|
|a Second series from jacket.
|
| 504 |
|
|
|a Includes bibliographical references and index.
|
| 526 |
|
|
|a ARC
|
| 541 |
|
|
|a Trim Education
|e 33759
|
| 650 |
|
0 |
|a Environmental psychology.
|9 28159
|
| 650 |
|
0 |
|a Women
|x Psychology.
|9 28160
|
| 700 |
1 |
|
|a Altman, Irwin.
|9 28161
|
| 700 |
1 |
|
|a Ts'erts'man, Arzah.
|9 28162
|
| 852 |
|
|
|a Ayesha Abed Library
|c General Stacks
|
| 942 |
|
|
|2 ddc
|c BK
|
| 952 |
|
|
|0 0
|1 0
|2 ddc
|4 0
|6 155_633000000000000_WOM
|7 0
|9 64332
|a BRACUL
|b BRACUL
|c GEN
|d 2018-09-09
|e Trim Education
|g 7990.00
|l 1
|o 155.633 WOM
|p 3010033759
|r 2019-10-02
|s 2019-09-23
|t 1
|v 7990.00
|w 2018-09-09
|y BK
|